| 000 | 01589nam a2200325 i 4500 | ||
|---|---|---|---|
| 001 | 142208 | ||
| 003 | ES-MaACL | ||
| 005 | 20260326153905.0 | ||
| 007 | t| | ||
| 008 | 071003s1849 sp |||| | spa d | ||
| 080 | _a328(460)"1810/14" | ||
| 100 | 1 |
_aVillanueva, Joaquín Lorenzo, _d1757-1837 _9115023 |
|
| 245 | 1 | 4 |
_aLas angélicas fuentes o El tomista en las Cortes : _bprimera y segunda parte / _cescritas en Cádiz en 1811 y 1813 por Joaquín Lorenzo Villanueva. |
| 250 |
_aNueva ed. precedida de unos apuntes biográficos acerca del autor / _bpor Rafael María Baralt y Nemesio Fernández Cuesta. |
||
| 260 |
_aMadrid : _b[s.n.], _c1849 ( _fImp. de Celestino G. Álvarez) |
||
| 300 |
_a143 p. ; _c25 cm. |
||
| 490 | 1 | _aObras políticas, económicas y sociales de Rafael María Baralt y Nemesio Fernández Cuesta | |
| 530 | _aDisponible en formato digital. | ||
| 600 | 1 | 4 |
_aVillanueva, Joaquín Lorenzo, _d1757-1837 _9115023 |
| 610 | 1 | 4 |
_aEspaña. _bCortes de Cádiz _93663 |
| 700 | 1 |
_aBaralt, Rafael María. _925302 |
|
| 700 | 1 |
_aFernández Cuesta, Nemesio, _d1818-1893 _949614 |
|
| 740 | 3 | 2 | _aEl tomista en las Cortes. |
| 830 | 1 |
_aObras políticas, económicas y sociales de Rafael María Baralt y Nemesio Fernández Cuesta _9220481 |
|
| 852 |
_aES-MaACL _jR-1921 _9 147348 _cDEPO1 _dOlim: 1503-F-5. |
||
| 852 |
_aES-MaACL _j1503-F-5 _zRevisado enlace: 27 de Marzo 2025. _9 147347 _cDEPOF _q Ejemplar fotocopiado |
||
| 856 | 4 |
_uhttp://mdc.csuc.cat/cdm/ref/collection/fonsFerran/id/16419 _yUniversitat Pompeu Fabra |
|
| 942 | _2udc | ||
| 999 |
_c142208 _d142208 |
||